Rank the size of three countries by their flags - Statistics

General Stats
  • This quiz has been taken 553 times
    540 since last reset
  • The average score is 7 of 15
Answer Stats
Question Answer % Correct
Which country is ranked second by area size?
71%
Which country is ranked second by area size?
65%
Which country is ranked second by area size?
59%
Which country is ranked second by area size?
53%
Which country is ranked second by area size?
53%
Which country is ranked second by area size?
47%
Which country is ranked second by area size?
47%
Which country is ranked second by area size?
41%
Which country is ranked second by area size?
41%
Which country is ranked second by area size?
41%
Which country is ranked second by area size?
35%
Which country is ranked second by area size?
35%
Which country is ranked second by area size?
35%
Which country is ranked second by area size?
29%
Which country is ranked second by area size?
24%
No matching quizzes found
Score Distribution
Percent of People with Each Score
Percentile by Number Answered
Your Score History
You have not taken this quiz since the last reset